[Event "ch-HUN Women"]
[Site "Budapest HUN"]
[Date "2001.09.26"]
[Round "6"]
[White "Toth,Li"]
[Black "Grabics,M"]
[Result "1-0"]
[WhiteElo "2184"]
[BlackElo "2295"]

1.d4 d6 2.e4 g6 3.Nc3 Bg7 4.Be3 Nf6 5.f3 a6 6.Nge2 b5 7.Qd2 Nbd7 8.g4 Nb6
9.Ng3 h6 10.h4 h5 11.g5 Nfd7 12.Be2 c5 13.f4 Bb7 14.O-O Qc7 15.a4 b4 16.Nd1 a5
17.c3 Ba6 18.Bxa6 Rxa6 19.Qd3 c4 20.Qc2 b3 21.Qf2 d5 22.f5 O-O 23.e5 e6 24.f6 Bh8
25.Qe2 Rfa8 26.Nxh5 gxh5 27.Qxh5 Nf8 28.Qh6 Nbd7 29.Bf4 Ng6 30.h5 Ndf8 31.hxg6 fxg6
32.Bd2 Qf7 33.Ne3 R8a7 34.Qh3 Qh7 35.Qg3 Qh5 36.Ng4 Nh7 37.Nh6+ Kf8 38.Rf2  1-0

[Event "ECC"]
[Site "Panormo GRE"]
[Date "2001.09.26"]
[Round "4"]
[White "Berndt,S"]
[Black "Paehtz,T"]
[Result "1/2-1/2"]
[WhiteElo "2479"]
[BlackElo "2451"]

1.e4 g6 2.d4 Bg7 3.Nc3 d6 4.f4 Nf6 5.Nf3 O-O 6.Bd3 Na6 7.O-O c5 8.d5 Bg4
9.a3 Rc8 10.Bc4 Nd7 11.Qe1 Bxf3 12.Rxf3 Nb6 13.Qe2 Nxc4 14.Qxc4 Nc7 15.f5 Rb8
16.Nb5 a6 17.Nxc7 Qxc7 18.c3 b5 19.Qe2 b4 20.c4 bxa3 21.Rfxa3 Rb6 22.Rxa6 Bd4+
23.Kh1 Rfb8 24.Rxb6 Qxb6 25.h4 Qd8 26.h5 e6 27.Qg4 exf5 28.exf5 Qe8 29.Bh6 Rxb2
30.fxg6 hxg6 31.hxg6 fxg6 32.Rf1 Rf2 33.Rxf2 Qe1+ 34.Kh2 Qxf2 35.Qxg6+ Kh8
36.Qh5 Qg1+ 37.Kg3 Qe1+ 38.Kh2 Qg1+ 39.Kg3 Qe1+ 40.Kh2  1/2-1/2

[Event "ECC"]
[Site "Panormo GRE"]
[Date "2001.09.26"]
[Round "4"]
[White "Khruschiov,A"]
[Black "Petran,Pe"]
[Result "1-0"]
[WhiteElo "2411"]
[BlackElo "2364"]

1.e4 g6 2.d4 Bg7 3.Nc3 d6 4.f4 a6 5.Be2 b5 6.Bf3 e5 7.dxe5 dxe5 8.Qxd8+ Kxd8
9.f5 c6 10.g4 Nd7 11.Be3 f6 12.Nge2 Bh6 13.Kf2 Bxe3+ 14.Kxe3 Nh6 15.h4 Nf7
16.Ng3 Nb6 17.Be2 Ke7 18.a4 Bd7 19.a5 gxf5 20.gxf5 Nc8 21.Nd1 Rg8 22.Nh5 Nfd6
23.Nf2 c5 24.Ng4 Rf8 25.Rhg1 Be8 26.Nh6 Bxh5 27.Bxh5 Ra7 28.Rad1 Rd7 29.b3 Kd8
30.Rg8 Rxg8 31.Nxg8 Rg7 32.Nxf6 Kc7 33.Ng4 Rg8 34.Nxe5 Rg3+ 35.Bf3 Rg8 36.Kf4 Ne7
37.Nd3 Nb7 38.e5 c4 39.bxc4 bxc4 40.Rb1 Nxa5 41.Nc5 Rc8 42.Ne6+ Kd7 43.Rd1+  1-0

[Event "It IM"]
[Site "Kastav CRO"]
[Date "2001.09.27"]
[Round "2"]
[White "Topalovic,Z"]
[Black "Kljako,D"]
[Result "1/2-1/2"]
[WhiteElo "2222"]
[BlackElo "2282"]

1.e4 g6 2.d4 Bg7 3.Nc3 d6 4.Be3 c6 5.Qd2 b5 6.Nf3 a6 7.Bd3 Nd7 8.a4 b4 9.Ne2 a5
10.O-O Qc7 11.c3 bxc3 12.bxc3 Ngf6 13.Bh6 O-O 14.Ng3 e5 15.Nh4 Ne8 16.Bxg7 Nxg7
17.Qh6 Nf6 18.h3 Nfh5 19.Nxh5 Nxh5 20.Nf5 Bxf5 21.exf5 Qe7 22.Rae1 Qf6 23.g3 exd4
24.g4 Qg7 25.Qc1 gxf5 26.Kh1 fxg4 27.Rg1 Kh8 28.hxg4  1/2-1/2

[Event "ECC"]
[Site "Panormo GRE"]
[Date "2001.09.27"]
[Round "5"]
[White "Borriss,M"]
[Black "Bogdanovski,V"]
[Result "1/2-1/2"]
[WhiteElo "2445"]
[BlackElo "2430"]

1.e4 d6 2.d4 g6 3.Nc3 Bg7 4.f4 Nf6 5.Nf3 O-O 6.Bd3 Na6 7.O-O c5 8.d5 Bg4
9.Bc4 Nc7 10.h3 Bxf3 11.Qxf3 a6 12.a4 b6 13.Qd3 Qc8 14.e5 Nfe8 15.Qe2 Qb7
16.Ra3 Rd8 17.Rb3 e6 18.dxe6 fxe6 19.exd6 Nxd6 20.Bxe6+ Kh8 21.Bg4 c4 22.Ra3 b5
23.axb5 Rfe8 24.Qf3 Qb6+ 25.Kh2 axb5 26.Nd5 Nxd5 27.Qxd5 Nf5 28.Qf3 b4  1/2-1/2

[Event "ECC"]
[Site "Panormo GRE"]
[Date "2001.09.27"]
[Round "5"]
[White "Stojanovski,D"]
[Black "Rudolf,Hen"]
[Result "1-0"]
[WhiteElo "2417"]
[BlackElo "2328"]

1.e4 g6 2.d4 Bg7 3.Nc3 d6 4.Bg5 Nd7 5.Nf3 c6 6.Bd3 Qa5 7.Qd2 e5 8.O-O Ngf6
9.Nb5 Qxd2 10.Nxd6+ Ke7 11.Nxc8+ Rhxc8 12.Bxd2 exd4 13.Nxd4 c5 14.Nb5 Ne5
15.Bc3 Nxd3 16.cxd3 a6 17.Na3 b5 18.Nc2 b4 19.Be5 Bh6 20.b3 a5 21.a4 bxa3
22.Nxa3 a4 23.Nc4 axb3 24.Rab1 Nd7 25.Bg3 Bg7 26.Rxb3 Ra7 27.Rfb1 Bd4 28.Bf4 Rca8
29.Be3 Bxe3 30.fxe3 Ra1 31.Kf2 Rxb1 32.Rxb1 h5 33.Kf3 Ra2 34.Rb7 Ke6 35.Rc7 Rc2
36.Rc6+ Ke7 37.Ra6 g5 38.h3 Rc1 39.e5 Rc2 40.Rh6 h4 41.Rh5 f6 42.exf6+ Kxf6
43.Rh6+ Kg7 44.Rd6 Nf8 45.Rc6 Rc3 46.Rxc5 Ne6 47.Rc6 Kf6 48.Ne5 Ra3 49.Nd7+ Ke7
50.Nc5  1-0

[Event "ECC"]
[Site "Panormo GRE"]
[Date "2001.09.28"]
[Round "6"]
[White "Luther,T"]
[Black "Damaso,R"]
[Result "0-1"]
[WhiteElo "2604"]
[BlackElo "2437"]

1.e4 g6 2.d4 Bg7 3.Nc3 d6 4.f4 Nf6 5.Nf3 O-O 6.Bd3 Nc6 7.O-O Bg4 8.e5 Nh5
9.Be3 f6 10.exd6 e5 11.fxe5 fxe5 12.dxe5 Nxe5 13.Nxe5 Bxd1 14.Bc4+ Kh8 15.Rxf8+ Qxf8
16.Nf7+ Kg8 17.Nh6+ Kh8 18.Nf7+ Kg8 19.d7 Qb4 20.Ne5+ Qxc4 21.Nxc4 Bg4 22.Nd5 Bxd7
23.Rd1 Bg4 24.Rd2 Nf6 25.Nxc7 Rc8 26.Bf4 Ne4 27.Rd5 Be2 28.Nd2 Nf6 29.Re5 Rxc7
30.Rxe2 Rxc2 31.a3 Nd5 32.Bg3 Bxb2  0-1

[Event "ECC"]
[Site "Panormo GRE"]
[Date "2001.09.28"]
[Round "6"]
[White "Ginzburg,Mi"]
[Black "Thiede,L"]
[Result "0-1"]
[WhiteElo "2274"]
[BlackElo "2410"]

1.e4 g6 2.d4 Bg7 3.Nc3 d6 4.Be3 a6 5.Qd2 Nd7 6.O-O-O b5 7.f3 Bb7 8.g4 Rc8
9.Kb1 c5 10.dxc5 Nxc5 11.Bd4 Nf6 12.g5 Nh5 13.Bh3 Ne6 14.Bxg7 Nhxg7 15.Nge2 Rc5
16.f4 O-O 17.Rhf1 b4 18.Nd5 Bxd5 19.exd5 Nc7 20.Bg2 Nb5 21.Be4 Qb6 22.Ka1 Rb8
23.Qd3 Qa5 24.Qb3 Qc7 25.Qd3 Qa5 26.Nc1 Nc3 27.bxc3 bxc3 28.Nb3 Qa3 29.Rb1 Rcc8
30.Qd1 Rb4 31.Qc1 Qxc1 32.Nxc1 Rxe4 33.Rb3 Nf5 34.Kb1 Rec4 35.Rb6 a5 36.Nb3 a4
37.Nc1 Ne3 38.Re1 Nxd5 39.Rb5 e6 40.f5 gxf5  0-1

[Event "It IM"]
[Site "Kastav CRO"]
[Date "2001.09.29"]
[Round "4"]
[White "Zelenika,S"]
[Black "Kljako,D"]
[Result "1-0"]
[WhiteElo "2328"]
[BlackElo "2282"]

1.e4 g6 2.d4 Bg7 3.Nc3 d6 4.Be3 c6 5.Qd2 b5 6.Bd3 Nd7 7.Nf3 Bb7 8.O-O Qc7
9.h3 Ngf6 10.Bh6 O-O 11.Rfe1 e5 12.dxe5 dxe5 13.a4 a6 14.Qg5 Ne8 15.axb5 axb5
16.Rxa8 Bxa8 17.Qh4 f6 18.Be3 Nd6 19.Nd2 Nf7 20.Nb3 Qd6 21.Rd1 Qe7 22.Ra1 Ng5
23.Ra7 Ne6 24.Qg4 Qd6 25.Ra6 Ndc5 26.Nxb5 Qe7 27.Nxc5 Nxc5 28.Ra7 Nb7 29.Nc3 Kh8
30.Na4 f5 31.exf5 gxf5 32.Bxf5 Qf6 33.Bd3 c5 34.Qe4 Qg6 35.Qxg6 hxg6 36.Nb6  1-0

[Event "ECC"]
[Site "Panormo GRE"]
[Date "2001.09.29"]
[Round "7"]
[White "Kouvatsou,M"]
[Black "Rudolf,Hen"]
[Result "1/2-1/2"]
[WhiteElo "2234"]
[BlackElo "2328"]

1.e4 g6 2.d4 Bg7 3.Nc3 d6 4.f4 Nf6 5.Nf3 c5 6.dxc5 Qa5 7.Bd3 Qxc5 8.Qe2 Nc6
9.Be3 Qa5 10.O-O Bg4 11.Kh1 O-O 12.Nb5 Nh5 13.c3 a6 14.Nbd4 e5 15.Nxc6 bxc6
16.fxe5 Bxe5 17.Qd2 Bg7 18.Bc4 Rad8 19.Nd4 Bd7 20.Rae1 c5 21.Nc2 Be6 22.Qe2 Rde8
23.Bg5 Be5 24.Ne3 Bxc4 25.Qxc4 Qb5 26.Qxb5 axb5 27.Nd5 f6 28.Bh6 Rf7 29.g4 Ng7
30.Rf3 Ra8 31.a3 Ne8 32.Ref1 Ra4 33.Re1 Nc7 34.Nxc7 Rxc7 35.g5 Rf7 36.gxf6 Rxf6
37.Ref1 Rxf3 38.Rxf3 Bg7 39.Bxg7 Kxg7 40.Re3 Kf6 41.Kg2 Ke5 42.Kf3 g5 43.h3 h5
44.Re2 g4+ 45.hxg4 hxg4+ 46.Kxg4 Rxe4+ 47.Kf3 d5 48.b3 Rxe2 49.Kxe2 Ke4 50.Kd2 d4
51.cxd4 cxd4 52.a4  1/2-1/2

[Event "Tatry Open"]
[Site "High Tatras SVK"]
[Date "2001.09.30"]
[Round "2"]
[White "Kotan,L"]
[Black "Mocary,M"]
[Result "1-0"]
[WhiteElo "2347"]
[BlackElo "2128"]

1.e4 g6 2.d4 Bg7 3.Nc3 d6 4.Be3 Nf6 5.h3 c6 6.Qd2 O-O 7.Nf3 b5 8.Bd3 a5 9.O-O b4
10.Ne2 Ba6 11.Bh6 c5 12.Bxg7 Kxg7 13.c4 cxd4 14.Nfxd4 h6 15.Ng3 Rh8 16.Kh1 Qb6
17.Nc2 Nbd7 18.f4 Nc5 19.Ne3 Rad8 20.Nd5 Nxd5 21.exd5 Nd7 22.Rae1 Rde8 23.b3 Nf6
24.f5 g5 25.Qb2 h5 26.Re2 Bc8 27.Rfe1 Qd8 28.Ne4 g4 29.Qd4 Bd7 30.Kg1 gxh3
31.gxh3 Rhg8 32.Kh2 Kh7 33.Nd2 Rg7 34.Nf3 Kh8 35.Qh4 a4 36.Qd4 axb3 37.axb3 Ng8
38.Bc2 Nf6 39.Qd2 Reg8 40.Qxb4 Rg3 41.Rf1 Qf8 42.Qe1 Qg7 43.Rg1 h4 44.Rxg3 hxg3+
45.Kg2 Nh5 46.Qd2  1-0

[Event "Tatry Open"]
[Site "High Tatras SVK"]
[Date "2001.10.02"]
[Round "5"]
[White "Goban,M"]
[Black "Kebis,M"]
[Result "0-1"]
[WhiteElo "2202"]
[BlackElo "2063"]

1.e4 g6 2.d4 d6 3.Nc3 Bg7 4.Bc4 Nf6 5.f3 O-O 6.Be3 c6 7.a4 d5 8.exd5 Nxd5
9.Nxd5 cxd5 10.Bb3 Nc6 11.Ne2 Na5 12.c3 e6 13.Bc2 Nc4 14.Bc1 Qh4+ 15.g3 Qe7
16.b3 Nd6 17.Bf4 f6 18.O-O Bd7 19.Qd2 Nf7 20.Be3 Bc6 21.c4 Rfd8 22.c5 e5
23.b4 a6 24.Rfb1 Re8 25.Nc3 exd4 26.Bxd4 Ne5 27.Bxe5 Qxe5 28.Re1 Qh5 29.b5 axb5
30.axb5 Rxa1 31.Rxa1 d4 32.bxc6 dxc3 33.Bb3+ Kh8 34.Qd5 bxc6 35.Qxc6 Qe5
36.f4 Qb8 37.Qd5 Rd8 38.Qf7 Qb4 39.Qe7 Qd4+ 40.Kg2 Bf8 41.Qf7 Qe4+ 42.Kh3 Qf5+
43.Kg2 Rd2+ 44.Kf3 Qh5+  0-1

[Event "TCh-BUL"]
[Site "Pamporovo BUL"]
[Date "2001.10.03"]
[Round "1"]
[White "Angelov,K"]
[Black "Dimitrov,V"]
[Result "1-0"]
[WhiteElo "2292"]
[BlackElo "2455"]

1.e4 g6 2.d4 Bg7 3.Nc3 d6 4.Be2 a6 5.a4 Nd7 6.h4 c5 7.dxc5 Nxc5 8.h5 Nf6
9.h6 Bf8 10.f3 b6 11.Be3 Ncd7 12.Nh3 Bb7 13.Nf4 e6 14.Bc4 Rc8 15.Qe2 Ra8
16.Rd1 Be7 17.g4 O-O 18.g5 Ne8 19.Nxe6 fxe6 20.Bxe6+ Rf7 21.Bxf7+ Kxf7 22.Qc4+ Kf8
23.f4 Rc8 24.Qd4 Kg8 25.O-O b5 26.axb5 axb5 27.Nxb5 Rxc2 28.Qd3 Qc8 29.Rc1 Rxc1
30.Rxc1 Nc5 31.Qc4+ d5 32.exd5 Qg4+ 33.Kf2 Qh4+ 34.Ke2 Nd6 35.Nxd6 Qh2+ 36.Kd1  1-0

[Event "TCh-BUL"]
[Site "Pamporovo BUL"]
[Date "2001.10.04"]
[Round "3"]
[White "Chatalbashev,B"]
[Black "Dimitrov,V"]
[Result "1/2-1/2"]
[WhiteElo "2496"]
[BlackElo "2455"]

1.d4 g6 2.e4 Bg7 3.Nc3 d6 4.Be3 a6 5.Qd2 Nd7 6.a4 b6 7.f3 c5 8.d5 Ngf6 9.Nh3 O-O
10.Be2 Re8 11.O-O Nf8 12.Nf4 Qc7 13.Bc4 Bd7 14.Qe2  1/2-1/2

[Event "ch-SLO"]
[Site "Grize SLO"]
[Date "2001.10.05"]
[Round "5"]
[White "Sakelsek,T"]
[Black "Gombac,Jan"]
[Result "1-0"]
[WhiteElo "2202"]
[BlackElo "2209"]

1.e4 d6 2.d4 g6 3.Nc3 Bg7 4.Nf3 c6 5.Be3 Bg4 6.h3 Bxf3 7.Qxf3 e6 8.O-O-O Ne7
9.g4 a6 10.Qg3 d5 11.Bf4 O-O 12.Bc7 Qe8 13.h4 f5 14.gxf5 gxf5 15.h5 h6 16.Be5 Rf7
17.Rg1 Qf8 18.exd5 cxd5 19.Qe3 f4 20.Qh3 Nf5 21.Bd3 Nc6 22.Bxf5 Nxe5 23.Bxe6 Nc4
24.Qf5 b5 25.Nxd5  1-0

[Event "It IM"]
[Site "Kastav CRO"]
[Date "2001.10.05"]
[Round "11"]
[White "Dumpor,A"]
[Black "Kljako,D"]
[Result "1/2-1/2"]
[WhiteElo "2329"]
[BlackElo "2282"]

1.e4 g6 2.d4 Bg7 3.Nc3 d6 4.Be3 c6 5.Nf3 b5 6.Bd3 Nd7 7.O-O Qc7 8.Qd2 Ngf6
9.Bh6 O-O 10.Rfe1 e5 11.Bxg7 Kxg7 12.a4 b4 13.Ne2 a5 14.Ng3 h6 15.Nh4 Nb6
16.c3 bxc3 17.bxc3 c5 18.Bb5 Qe7 19.Rad1 Nh7 20.Nf3 Bg4 21.dxc5 dxc5 22.Qd6 Nc8
23.Qd5 Nb6 24.Qc6 Bxf3 25.gxf3 Rab8 26.Qd6 Qxd6 27.Rxd6 Ng5 28.Kg2 Ne6 29.Red1 Rfd8
30.Ne2 Kf8 31.Rxd8+ Rxd8 32.Rxd8+ Nxd8 33.f4 f6 34.fxe5 fxe5 35.f4 Nf7 36.fxe5 Nxe5
37.Kg3 Ke7 38.h4 Kf6 39.Kf4 g5+ 40.hxg5+ hxg5+ 41.Kg3 Nf7 42.Nc1 Nd6 43.Bc6 c4
44.Ne2 Ke5 45.Kf3 Nf7 46.Nd4 Kd6 47.Be8 Ne5+ 48.Ke3 Ng4+ 49.Kf3 Ne5+  1/2-1/2

[Event "Tatry Open"]
[Site "High Tatras SVK"]
[Date "2001.10.06"]
[Round "9"]
[White "Dudas,Jan"]
[Black "Kuljabin,V"]
[Result "1-0"]
[WhiteElo "2238"]
[BlackElo "2336"]

1.e4 g6 2.d4 Bg7 3.Nc3 d6 4.Be3 Nd7 5.Qd2 c6 6.f3 Qa5 7.Nge2 b5 8.g4 Bb7
9.h4 Nb6 10.b3 Nf6 11.h5 Nfd7 12.Bh6 Bxh6 13.Qxh6 O-O-O 14.hxg6 fxg6 15.Qg7 e5
16.dxe5 Nxe5 17.Bg2 b4 18.Nd1 Qc5 19.f4 Nxg4 20.Bh3 Qxc2 21.Bxg4+ Kb8 22.Bf3 c5
23.Ne3 Qd3 24.Kf2 Nd7 25.Rxh7 Rhg8 26.Qf7 Rgf8 27.Qxg6 Ne5 28.Rxb7+ Kxb7
29.fxe5 Rxf3+ 30.Kxf3 Rf8+ 31.Nf4  1-0

[Event "ULIM Cup"]
[Site "Kishnev MDA"]
[Date "2001.10.07"]
[Round "1"]
[White "Doibani,L"]
[Black "Nevednichy,B"]
[Result "1/2-1/2"]
[WhiteElo "2035"]
[BlackElo "2311"]

1.e4 g6 2.d4 Bg7 3.Nc3 d6 4.f4 c6 5.Nf3 b5 6.Bd3 Nd7 7.O-O Nb6 8.e5 d5 9.b3 a5
10.a4 b4 11.Ne2 e6 12.Bd2 Bf8 13.Kh1 h5 14.Qe1 Nh6 15.c3 bxc3 16.Bxc3 Nd7
17.b4 axb4 18.Bxb4 Nf5 19.Bxf8 Kxf8 20.Ng3 c5 21.Nxf5 gxf5 22.Bb5 Ba6 23.dxc5 Nxc5
24.Qb4 Qe7 25.Rfc1 Ne4 26.Qxe7+ Kxe7 27.Rc7+ Kf8 28.Rb1 Kg7  1/2-1/2

[Event "1st Chess Week"]
[Site "Winterthur SUI"]
[Date "2001.10.07"]
[Round "3"]
[White "Pikula,D"]
[Black "Wildi,M"]
[Result "1-0"]
[WhiteElo "2450"]
[BlackElo "2295"]

1.e4 g6 2.d4 Bg7 3.Nc3 d6 4.Be3 a6 5.f4 b5 6.Nf3 Bb7 7.Bd3 Nd7 8.e5 e6 9.a4 b4
10.Ne4 d5 11.Nf2 c5 12.dxc5 Qa5 13.c6 Bxc6 14.Nd4 Ne7 15.h4 h5 16.g4 hxg4
17.Qxg4 Nc5 18.h5 Bd7 19.Ke2 Nxd3 20.Nxd3 Qc7 21.hxg6 Nxg6 22.Rxh8+ Bxh8
23.Rh1 Bg7 24.Rh7 Bh8 25.Qh5 Rc8 26.f5 exf5 27.e6 Bxe6 28.Nxe6 Qc4 29.Bd2 Kd7
30.Rxf7+  1-0

[Event "ULIM Cup"]
[Site "Kishnev MDA"]
[Date "2001.10.08"]
[Round "2"]
[White "Romcovici,V"]
[Black "Ianocichin,V"]
[Result "1-0"]
[WhiteElo "2341"]
[BlackElo "2180"]

1.d4 g6 2.e4 Bg7 3.Nc3 d6 4.f4 Nf6 5.Be2 O-O 6.g4 e5 7.g5 Nfd7 8.dxe5 dxe5
9.f5 Re8 10.fxg6 hxg6 11.Be3 Nc6 12.Qd2 Nd4 13.O-O-O Nc5 14.Kb1 c6 15.h4 b5
16.Bd3 Bg4 17.Nce2 a5 18.Rf1 Qd7 19.Ng3 Red8 20.h5 Nxc2 21.Bxc5 Qxd3 22.Qxc2 Qxg3
23.hxg6 fxg6 24.Nf3 Be6 25.Be7 Rdc8 26.Rhg1 Qh3 27.Qc5 Bc4 28.Rf2 Qe6 29.Bf6  1-0

[Event "TCh-RUS Siberian Zone"]
[Site "Omsk RUS"]
[Date "2001.10.08"]
[Round "4"]
[White "Pridorozhni,A"]
[Black "Dergatchov,A"]
[Result "1-0"]
[WhiteElo "2410"]
[BlackElo "2083"]

1.e4 g6 2.d4 Bg7 3.Nc3 d6 4.Be3 c6 5.h4 h6 6.Qd2 Nd7 7.a4 b6 8.Nge2 Ngf6
9.f3 a6 10.g4 h5 11.g5 Nh7 12.f4 Bb7 13.Bg2 b5 14.a5 Qc7 15.O-O e6 16.Ng3 f5
17.d5 cxd5 18.exf5 Bxc3 19.bxc3 gxf5 20.Bd4 O-O-O 21.Bxh8 Rxh8 22.Rfe1 Nc5
23.Qd4 Qd8 24.Qg7 Ne4 25.Bxe4 dxe4 26.c4 Bc6 27.cxb5 Bxb5 28.Ra3 d5 29.Rc3+ Bc4
30.Rb1  1-0

[Event "It"]
[Site "Durres ALB"]
[Date "2001.10.11"]
[Round "1"]
[White "Cabrilo,G"]
[Black "Mitkov,M"]
[Result "1-0"]
[WhiteElo "2496"]
[BlackElo "2413"]

1.e4 g6 2.d4 Bg7 3.Nc3 d6 4.Be3 Nf6 5.h3 c6 6.a4 Nbd7 7.g3 e5 8.Bg2 O-O 9.Nge2 exd4
10.Bxd4 Qe7 11.O-O Nc5 12.Re1 Rd8 13.Nf4 Ne6 14.Be3 Nd7 15.Nfe2 Ne5 16.b3 Nc5
17.f4 Ned7 18.Bf2 Nf8 19.Nd4 Nfe6 20.Qd2 Qf6 21.Nde2 a5 22.Rad1 h5 23.h4 b6
24.Be3 Ba6 25.Rf1 Bh6 26.Rf2 Bxe2 27.Nxe2 d5 28.e5 Qf5 29.Rff1 Bf8 30.Kh2 Be7
31.Bh3 Qe4 32.Nd4 Nxd4 33.Bxd4 Ne6 34.Bxb6 Rdb8 35.Bg1 Bc5 36.f5 Bxg1+ 37.Kxg1 Ng7
38.f6 Ne8 39.Rde1 Qb4 40.Qg5 Nc7 41.e6  1-0

[Event "12th NATO"]
[Site "San Remo ITA"]
[Date "2001.10.11"]
[Round "5"]
[White "Bontempi,P"]
[Black "Deleyn,G"]
[Result "1-0"]
[WhiteElo "2302"]
[BlackElo "2230"]

1.e4 g6 2.d4 Bg7 3.Nc3 d6 4.Be3 a6 5.Qd2 b5 6.a4 b4 7.Nce2 a5 8.Ng3 h5 9.Bc4 Nf6
10.f3 h4 11.N3e2 d5 12.Bd3 dxe4 13.fxe4 Bb7 14.d5 Ng4 15.Bd4 Bh6 16.Nf4 O-O
17.Qe2 Bxf4 18.Qxg4 e5 19.Bc5 Bc8 20.Qf3 Re8 21.g3 Bg5 22.Ne2 Qf6 23.Qxf6 Bxf6
24.c3 bxc3 25.Nxc3 Na6 26.Ba3 Bg5 27.Bb5 Rd8 28.Bc6 Rb8 29.Nb5 Bd7 30.Bxd7 Rxd7
31.Ke2 f5 32.gxh4 Bxh4 33.Rhg1 Kf7 34.Raf1 f4 35.Rc1 Rb6 36.Rc3 Be7 37.Rgc1 g5
38.Kf3 Rh6 39.Rc6 g4+ 40.Kxg4 Rh4+ 41.Kf3 Bxa3 42.bxa3 Nb8 43.Rxc7 Rxh2 44.Rc8 Rh3+
45.Kg2 Rg3+ 46.Kf2 Kg6 47.Rxb8  1-0

[Event "ULIM Cup"]
[Site "Kishnev MDA"]
[Date "2001.10.12"]
[Round "6"]
[White "Furtuna,A"]
[Black "Luzhinsky,V"]
[Result "1-0"]
[WhiteElo "2234"]
[BlackElo "2348"]

1.e4 g6 2.d4 Bg7 3.Nc3 d6 4.Nge2 Nf6 5.g3 O-O 6.Bg2 e5 7.h3 c6 8.a4 a5 9.O-O Na6
10.Bg5 h6 11.Be3 Nb4 12.Qd2 Kh7 13.Rad1 Be6 14.Rfe1 Qc7 15.f4 Rad8 16.g4 Bc4
17.Ng3 Rfe8 18.Qf2 Qb8 19.Rd2 exd4 20.Bxd4 c5 21.Be3 d5 22.Bxc5 dxe4 23.Rxd8 Rxd8
24.Ngxe4 Nfd5 25.Nxd5 Nxd5 26.b3 Ba6 27.Rd1 b6 28.Bd6 Qa8 29.Rxd5  1-0

[Event "ULIM Cup"]
[Site "Kishnev MDA"]
[Date "2001.10.12"]
[Round "6"]
[White "Ianocichin,V"]
[Black "Vedmediuc,S"]
[Result "0-1"]
[WhiteElo "2180"]
[BlackElo "2266"]

1.e4 g6 2.d4 Bg7 3.Nc3 d6 4.Be2 Nd7 5.Nf3 e5 6.O-O Ngf6 7.Bg5 O-O 8.Qd2 Re8
9.Rad1 c6 10.dxe5 dxe5 11.a4 a5 12.Bc4 Qe7 13.Qe3 h6 14.Bh4 g5 15.Bg3 Nh5
16.h4 Nf4 17.Ba2 Nf8 18.hxg5 hxg5 19.Nb1 N8g6 20.Rd2 g4 21.Nh2 Bh6 22.Qa3 Qxa3
23.bxa3 Nh5 24.Rd6 Kg7 25.Rfd1 Bg5 26.Nf1 Be7 27.R6d2 Bc5 28.Rd8 Rxd8 29.Rxd8 Nf6
30.Nbd2 Bb6 31.Rd6 Bc5 32.Rd8 Be7 33.Rd3 Nf4 34.Bxf4 exf4 35.e5 Nd7 36.Rd4 Nxe5
37.Rxf4 f5 38.Nc4 Nxc4 39.Bxc4 Bf6 40.Ng3 Be5 41.Nxf5+ Kf6 42.Rxg4 Bxf5 43.Rh4  0-1

[Event "Essent Open"]
[Site "Hoogeveen NED"]
[Date "2001.10.13"]
[Round "2"]
[White "Afek,Y"]
[Black "Gofshtein,Z"]
[Result "0-1"]
[WhiteElo "2369"]
[BlackElo "2513"]

1.e4 g6 2.d4 Bg7 3.Nc3 d6 4.Bg5 Nd7 5.Nf3 a6 6.a4 h6 7.Bf4 e5 8.Be3 Ngf6
9.dxe5 dxe5 10.h3 Qe7 11.Nd2 Nc5 12.Nd5 Nxd5 13.exd5 O-O 14.Bc4 Bd7 15.a5 Rfd8
16.O-O Bf5 17.Re1 g5 18.Bd4 Nd7 19.Bc3 b5 20.axb6 Nxb6 21.Bb3 Nxd5 22.Bxd5 Rxd5
23.Qf3 Qe6 24.Nc4 e4 25.Qg3 Bg6 26.Bxg7 Kxg7 27.Qc3+ Kh7 28.Ne3 Rb5 29.Ra4 h5
30.Rc4 a5 31.Rxc7 a4 32.Rc6 Qe5 33.Qxe5 Rxe5 34.Ra1 Rb5 35.Nc4 e3 36.fxe3 Bxc2
37.Na3 Be4 38.Rc4 Re5 39.Rb4 Bd3 40.Rb7 Kg6 41.Rb6+ f6 42.Kf2 Rae8 43.Re1 Rf5+
44.Kg1 Rd5 45.b3 Ra8 46.bxa4 Rxa4 47.Rb3 Be4 48.Re2 Rd1+ 49.Kf2 Ra5 50.g4 h4
51.Re1 Rd2+ 52.Re2 Rd3 53.Rxd3 Bxd3 54.Ra2 f5 55.Ra1 fxg4 56.hxg4 Ra4 57.Kf3 Be4+
58.Kf2 Kf7 59.Ra2 Ke7 60.Ra1 Ke6 61.Kg1 Bd3 62.Kh2 Ke5 63.Ra2 Ke4 64.Kh3 Kf3
65.Ra1 Rxg4 66.Rd1 Rg3+ 67.Kh2 Kxe3 68.Nb1 Bxb1 69.Rxb1 Kf4 70.Rb4+ Kf5 71.Rb5+ Kg6
72.Ra5 Kh5 73.Rb5 Rf3 74.Ra5 Kg4 75.Ra2 Rf5 76.Ra4+ Kh5 77.Ra8 Re5 78.Ra4 g4
79.Ra2 h3 80.Ra8 Re2+ 81.Kg3 Re3+ 82.Kh2 Re2+ 83.Kg3 Rg2+ 84.Kf4 h2 85.Ra5+ Kh4  0-1

[Event "ULIM Cup"]
[Site "Kishnev MDA"]
[Date "2001.10.13"]
[Round "7"]
[White "Soltanici,R"]
[Black "Itkis,B"]
[Result "1-0"]
[WhiteElo "2312"]
[BlackElo "2472"]

1.e4 g6 2.d4 Bg7 3.Nc3 d6 4.Nf3 Nf6 5.Bc4 O-O 6.h3 Nxe4 7.Nxe4 d5 8.Bd3 dxe4
9.Bxe4 Nd7 10.O-O c5 11.c3 Qc7 12.Bg5 cxd4 13.cxd4 Nf6 14.Bd3 Be6 15.Qd2 Rfd8
16.Bf4 Qb6 17.Be5 Bd5 18.Qe2 Bh6 19.b3 Rac8 20.Nd2 Qc6 21.f3 Nh5 22.Nc4 Bf4
23.Rfd1 f6 24.Bxf4 Nxf4 25.Qxe7 b5 26.Ne3 Re8 27.Nxd5 Nxd5 28.Qxa7 Qd6 29.Rac1 Rxc1
30.Rxc1 Qf4 31.Qc5 Qe3+ 32.Kh2 Nf4 33.Bxb5 Rd8 34.Bc4+ Kh8 35.Qb6 Rf8 36.Qd6 Kg7
37.Rc3 Qxc3 38.Qe7+ Kh6 39.Qxf8+ Kh5 40.g4+ Kg5 41.h4+ Kxh4 42.Qxf6+ g5 43.Qh6+ Nh5
44.Qxh5+  1-0

[Event "6th Wichern Open"]
[Site "Hamburg GER"]
[Date "2001.10.14"]
[Round "2"]
[White "Zimmermann,J"]
[Black "Lugovoi,A"]
[Result "0-1"]
[WhiteElo "2203"]
[BlackElo "2485"]

1.e4 d6 2.d4 g6 3.Nc3 Bg7 4.Bc4 Nf6 5.Qe2 c6 6.e5 dxe5 7.dxe5 Nd5 8.Bd2 Be6
9.O-O-O Nd7 10.Nf3 Nc7 11.h4 h5 12.Bxe6 Nxe6 13.Ng5 Nd4 14.Qe4 Bxe5 15.Bf4 Bxf4+
16.Qxf4 Nf5 17.Qc4 Rf8 18.Nh7 Rg8 19.Ng5 Rg7 20.g4 hxg4 21.h5 e6 22.Nce4 gxh5
23.Rxh5 Qe7 24.Rh8+ Nf8 25.Qc3 e5 26.Qd2 f6 27.Nh7 Rxh7 28.Qd7+ Qxd7 29.Nxf6+ Kf7  0-1

[Event "ULIM Cup"]
[Site "Kishnev MDA"]
[Date "2001.10.14"]
[Round "8"]
[White "Romcovici,V"]
[Black "Vedmediuc,S"]
[Result "1/2-1/2"]
[WhiteElo "2341"]
[BlackElo "2266"]

1.d4 g6 2.e4 Bg7 3.Nc3 d6 4.f4 Nf6 5.Be2 O-O 6.g4 e5 7.g5 Nfd7 8.dxe5 dxe5
9.f5 Re8 10.fxg6 hxg6 11.Be3 c6 12.Qd2 Nb6 13.O-O-O Qxd2+ 14.Rxd2 Be6 15.b3 Bf8
16.Kb2 N8d7 17.h4 a5 18.a4 Bb4 19.h5 Nc5 20.Bxc5 Bxc5 21.Nf3 Nd7 22.hxg6 fxg6
23.Nd1 Bb4 24.c3 Bf8 25.Nf2 Nc5 26.Bd1 Bg7 27.Bc2 Reb8 28.Rhd1 b5 29.axb5 Rxb5
30.Rd8+ Rxd8 31.Rxd8+ Kf7 32.Nd2 Na4+ 33.Kc1 Nxc3 34.Nc4 Bf8 35.Nd3 Be7 36.Ndxe5+ Kg7
37.Re8 Bxg5+ 38.Kb2 Bxc4 39.Nxc4 Na4+ 40.Ka1 Nc5 41.Ka2 a4 42.bxa4 Rb4 43.Nb2 Bc1
44.Nd3 Nxd3 45.Bxd3 Rxa4+ 46.Kb3 Rd4 47.Kc3 Bb2+ 48.Kc2 Ba3 49.Ra8 Bb4 50.Ra6 Rd6
51.Bc4 Kf6 52.Kb3 Bc5 53.Ra5 Bd4 54.Be2 Be5 55.Kc2 g5 56.Bg4 Rd4 57.Bf5 g4  1/2-1/2

[Event "Lasker Autumn GM"]
[Site "Bucharest ROM"]
[Date "2001.10.15"]
[Round "3"]
[White "Kalezic,B"]
[Black "Badea,B"]
[Result "1/2-1/2"]
[WhiteElo "2462"]
[BlackElo "2530"]

1.e4 g6 2.d4 Bg7 3.Nc3 d6 4.Be3 a6 5.Qd2 b5 6.f3 Nd7 7.Nge2 Bb7 8.g4 h5 9.g5 e6
10.h4 Ne7 11.Ng3 d5 12.Nce2 c5 13.c3 Qc7 14.Rc1 Rd8 15.e5 Qa5 16.b3 Nc6 17.f4 c4
18.b4 Qa3 19.Bg2 Nb6 20.O-O a5 21.bxa5 Qxa5 22.Rb1 Bc8 23.Qb2 Na7 24.Bf3 Bf8
25.Rf2 Be7 26.Rg2 Kd7 27.Nf1 Kc7 28.Bd2 Ba3 29.Qa1 Rhe8 30.Ne3 Nc6 31.Be1 Kb7
32.Nc2 Bf8 33.Qb2 Na7 34.Nb4 Bxb4 35.cxb4 Qa6 36.Nc3 Na4 37.Nxa4 Qxa4 38.Bd1 Qa6
39.a4 Bd7 40.a5 Nc6  1/2-1/2

[Event "FSIMA October"]
[Site "Budapest HUN"]
[Date "2001.10.15"]
[Round "10"]
[White "Berczes,D"]
[Black "Resika,N"]
[Result "0-1"]
[WhiteElo "2140"]
[BlackElo "2182"]

1.e4 d6 2.d4 g6 3.Nc3 Bg7 4.f4 a6 5.a4 Nf6 6.Nf3 c5 7.dxc5 Qa5 8.Bd3 Qxc5
9.Qe2 Bg4 10.Be3 Qa5 11.O-O Nc6 12.h3 Bxf3 13.Qxf3 O-O 14.Kh1 Nd7 15.Bd2 Qd8
16.Rad1 Rc8 17.Qf2 Nc5 18.Rb1 Nb4 19.Qe2 e6 20.f5 Be5 21.Bh6 Qh4 22.Bxf8 Qg3
23.Kg1 Qh2+ 24.Kf2 Qg3+ 25.Kg1 Nbxd3 26.cxd3 Nxd3  0-1

[Event "Lasker Autumn GM"]
[Site "Bucharest ROM"]
[Date "2001.10.17"]
[Round "5"]
[White "Vajda,L"]
[Black "Badea,B"]
[Result "1/2-1/2"]
[WhiteElo "2489"]
[BlackElo "2530"]

1.e4 g6 2.d4 Bg7 3.Nc3 d6 4.g4 c6 5.h3 h5 6.gxh5 Rxh5 7.Be2 Rh8 8.Bf3 Qb6
9.Nge2 Rxh3 10.Rxh3 Bxh3 11.Be3 Bc8 12.a4 Na6 13.Qd2 Bd7 14.Nf4 Qc7 15.Nd3 e6
16.b4 Qd8 17.Ke2 Nc7 18.Rb1 e5 19.dxe5 dxe5 20.a5 Ne6 21.Na4 Nd4+ 22.Bxd4 exd4  1/2-1/2

[Event "TCh-CZE 2001-2"]
[Site "CZE"]
[Date "2001.10.21"]
[Round "2"]
[White "Oral,T"]
[Black "Tibensky,R"]
[Result "1/2-1/2"]
[WhiteElo "2542"]
[BlackElo "2442"]

1.e4 g6 2.d4 Bg7 3.Nc3 d6 4.Be3 c6 5.a4 Nf6 6.h3 O-O 7.Nf3 d5 8.e5 Ne8 9.Qd2 f6
10.exf6 exf6 11.Bd3 Nd6 12.O-O a5 13.Ne2 Na6 14.c3 Nc7 15.Bf4 Rf7 16.Rfe1 Bf8
17.Bh2 Ne6 18.Qc2  1/2-1/2

[Event "World Seniors"]
[Site "Arco ITA"]
[Date "2001.10.22"]
[Round "6"]
[White "Zichichi,A"]
[Black "Csom,I"]
[Result "0-1"]
[WhiteElo "2277"]
[BlackElo "2425"]

1.d4 g6 2.e4 Bg7 3.Nc3 d6 4.Be3 a6 5.Qd2 Nd7 6.f3 c6 7.h4 h5 8.Nh3 b5 9.g3 Bb7
10.Bg2 Nb6 11.b3 Nd7 12.a4 Rc8 13.axb5 cxb5 14.Ra2 Ngf6 15.Ne2 O-O 16.Bh6 e5
17.d5 Nh7 18.g4 hxg4 19.Nf2 gxf3 20.Bxf3 Rc7 21.h5 Qf6 22.hxg6 fxg6 23.Bxg7 Qxg7
24.Bg4 Ndf6 25.Be6+ Kh8 26.Ng3 Bc8 27.Bxc8 Rfxc8 28.Qe2 Rc3 29.Nd3 a5 30.Kd1 a4
31.bxa4 bxa4 32.Rxa4 Qb7 33.Rb4 Rxd3+  0-1